Elementary linear algebra

Αποθηκεύτηκε σε:
Λεπτομέρειες βιβλιογραφικής εγγραφής
Κύριος συγγραφέας: Anton, Howard
Μορφή: Βιβλίο
Γλώσσα:English
Δημοσίευση: Haboken, NJ : John Wiley & Sons, c2005
Έκδοση:9th ed.
Θέματα:
Ετικέτες: Προσθήκη ετικέτας
Δεν υπάρχουν, Καταχωρήστε ετικέτα πρώτοι!

MARC

LEADER 00000nam a2200000 i 4500
001 1/58299
008 071012s2005 eng d
020 |a 978-0-471-66960-9 
020 |a 0-471-66960-1 
035 |l 10091465 
040 |a GR-MY-UA  |b gre  |e aacr 
041 0 |a eng 
082 0 |a 512.5  |2 (22) 
100 1 |a Anton, Howard. 
245 1 0 |a Elementary linear algebra /  |c Howard Anton 
250 |a 9th ed. 
260 |a Haboken, NJ :   |b John Wiley & Sons,   |c c2005 
300 |a xv, 606 σ.;  |b διαγρ., πίν., σχέδια;  |c 25 εκ. 
504 |a Περιλαμβάνει ευρετήριο 
650 0 0 |a Algebras, Linear. 
852 |a INST  |b CHIOS  |e 20071012  |h 512.5 ANT  |p 005200028688  |q 005200028688  |t BK  |y 0 
901 |a BIBL2-2007-3 
909 |a Χ  |b 139586 
922 |a 2ΕΛΗ  |b 200709  |c ΕΠΕΑΕΚ2/ΤΜΟΔ  |d ΠΑΠΑΣΩΤΗΡΙΟΥ 
970 |a ΒΑΣΙΛΑΚΗ  |b ΝΙΚΗ  |z 2007/10/12